000 00596nam a22001817a 4500
003 UA-OsUOA
001 19331
007 ta
008 20040810b un ||||| |||| 00| 0 ukr d
100 _aКохан В.
942 _cSA
040 _aUA-OsUOA
_cUA-OsUOA
_dUA-OsUOA
245 _aБудні і свята Івана Стаського
_b[Про Селецького сіл. голову Дубровиц. р-ну І.Стаськова]
300 _aС.1
955 _a0
773 0 _w0
_tВісті Рівненщини
_dРівне
_d2004
_g№71/4 серп./
650 7 _aCтаський І.
_2UDC
999 _c305502
_d305502